000
00230nam a22001097a 4500
041
_a
ENG
245
_a
Shariy mruda ke subhar ke liye Karnal Ghas
260
_a
Delhi
_b
ICER
_c
1986
300
_a
09
650
_a
GAE
856
_u
GAE
999
_c
2629
_d
2629